Normal view
MARC view
- Ward, Andrew D.
Entry Personal Name
001 - CONTROL NUMBER
- control field: 2155
003 - CONTROL NUMBER IDENTIFIER
- control field: NUST
005 - DATE AND TIME OF LATEST TRANSACTION
- control field: 20170607120855.0
008 - FIXED-LENGTH DATA ELEMENTS
- fixed length control field: 170607|| aca||aabn | a|a d
040 ## - CATALOGING SOURCE
- Original cataloging agency: NUST
- Transcribing agency: NUST
100 ## - HEADING--PERSONAL NAME
- Personal name: Ward, Andrew D.
670 ## - SOURCE DATA FOUND
- Source citation: Work cat.: (NUST)0: Ward, Andrew D., Environmental hydrology /, c2004.
